Functional analysis / (Record no. 9529)

MARC details
000 -LEADER
fixed length control field 01580pam a2200385 a 4500
001 - CONTROL NUMBER
control field 1126366
003 - CONTROL NUMBER IDENTIFIER
control field OSt
005 - DATE AND TIME OF LATEST TRANSACTION
control field 20251006112227.0
008 - FIXED-LENGTH DATA ELEMENTS--GENERAL INFORMATION
fixed length control field 941006r19801995gw b 001 0 eng
010 ## - LIBRARY OF CONGRESS CONTROL NUMBER
LC control number 94039105
020 ## - INTERNATIONAL STANDARD BOOK NUMBER
International Standard Book Number 3540586547
Qualifying information Berlin : acid-free paper
020 ## - INTERNATIONAL STANDARD BOOK NUMBER
International Standard Book Number 9783540586548
Qualifying information (Berlin : acid-free paper)
035 ## - SYSTEM CONTROL NUMBER
System control number 1126366
040 ## - CATALOGING SOURCE
Original cataloging agency DLC
Transcribing agency MUST
Modifying agency DLC
050 00 - LIBRARY OF CONGRESS CALL NUMBER
Classification number QA320
Item number .Y6 1995
082 00 - DEWEY DECIMAL CLASSIFICATION NUMBER
Classification number 515/.7 YOS 1995
Edition number 20
100 1# - MAIN ENTRY--PERSONAL NAME
Personal name Yoshida, Kōsaku,
Dates associated with a name 1909-1990.
9 (RLIN) 19400
245 10 - TITLE STATEMENT
Title Functional analysis /
Statement of responsibility, etc. Kôsaku Yosida.
260 ## - PUBLICATION, DISTRIBUTION, ETC. (IMPRINT)
Place of publication, distribution, etc. Berlin ;
-- New York :
Name of publisher, distributor, etc. Springer,
Date of publication, distribution, etc. c1995.
300 ## - PHYSICAL DESCRIPTION
Extent xii, 500 p. ;
Dimensions 24 cm.
336 ## - CONTENT TYPE
Content type term text
Content type code txt
Source rdacontent
337 ## - MEDIA TYPE
Media type term unmediated
Media type code n
Source rdamedia
338 ## - CARRIER TYPE
Carrier type term volume
Carrier type code nc
Source rdacarrier
440 #0 - SERIES STATEMENT/ADDED ENTRY--TITLE
Title Classics in mathematics
9 (RLIN) 17649
500 ## - GENERAL NOTE
General note "Reprint of the 1980, 6th, ed."
500 ## - GENERAL NOTE
General note "Originally published as vol. 123 of the Grundlehren der mathematischen Wissenschaften"--T.p. verso.
504 ## - BIBLIOGRAPHY, ETC. NOTE
Bibliography, etc Includes bibliographical references (p. [469]-485) and index.
650 #0 - SUBJECT ADDED ENTRY--TOPICAL TERM
Topical term or geographic name as entry element Functional analysis.
9 (RLIN) 5452
856 42 - ELECTRONIC LOCATION AND ACCESS
Materials specified Contributor biographical information
Uniform Resource Identifier <a href="http://www.loc.gov/catdir/enhancements/fy0815/94039105-b.html">http://www.loc.gov/catdir/enhancements/fy0815/94039105-b.html</a>
856 41 - ELECTRONIC LOCATION AND ACCESS
Materials specified Table of contents only
Uniform Resource Identifier <a href="http://www.loc.gov/catdir/enhancements/fy0815/94039105-t.html">http://www.loc.gov/catdir/enhancements/fy0815/94039105-t.html</a>
906 ## - LOCAL DATA ELEMENT F, LDF (RLIN)
a 7
b cbc
c orignew
d 1
e ocip
f 19
g y-gencatlg
942 ## - ADDED ENTRY ELEMENTS (KOHA)
Source of classification or shelving scheme Other/Generic Classification Scheme
Koha item type Book Bank
Holdings
Withdrawn status Lost status Source of classification or shelving scheme Damaged status Not for loan Home library Current library Date acquired Source of acquisition Inventory number Total Checkouts Full call number Barcode Date last seen Price effective from Koha item type
    Other/Generic Classification Scheme     MUST Main Library MUST Main Library 06/10/2025 purchase 08/31023   515/.7 YOS 1995 2025-0055 06/10/2025 06/10/2025 Book Bank